| 000 | 01126nam a22002657a 4500 | ||
|---|---|---|---|
| 001 | 9023 | ||
| 003 | FISKH | ||
| 005 | 20251118084339.0 | ||
| 008 | 251114b cb ||||| |||| 00| 0 eng d | ||
| 020 | _a9780448427058 | ||
| 040 |
_aFISKH _beng _cFISKH _dFISKH |
||
| 050 | _aPZ7.K944 | ||
| 082 | _a813.54 | ||
| 100 |
_aKrulik, Nancy E. _eAuthor |
||
| 245 |
_aGirls don't have cooties / _cby Nancy Krulik ; Illustrated by John & Wendy |
||
| 260 |
_aToronto : _bGrosset & Dunlap , _c2002 |
||
| 300 |
_a76 pages : _billustrations ; _c20 cm |
||
| 505 | _aN | ||
| 520 | _aFantasy. Juvenile Fiction. Juvenile Literature. Katie has plans to go to Suzanne's all-girl sleepover party, but Jeremy wants her to ride the hot new rollercoaster. Annoyed, Jeremy and the other boys from Class 3A decide that all girls have cooties. When Katie finds herself in Jeremy's shoes-literally-she tries to reunite the boys and girls. Will Katie's plan work? Or will it just be one big mess? | ||
| 521 | 8 |
_a580
_bLexile |
|
| 521 | 8 |
_aN
_bRaz-Plus |
|
| 650 |
_aRealistic fiction _vChildren's books |
||
| 942 |
_2ddc _cBK _n0 |
||
| 999 |
_c9023 _d9023 |
||